01468aam a2200301 i 4500001001000000003001000010005001700020007000300037008004100040020002200081040004800103041000800151082002400159100003400183245011600217250002200333264009600355264001200451300006700463336002700530337003300557338002800590505046200618563001401080653001601094700002601110700003001136768714001CO-MdFUSB20211103124533.0ta211103t1981 ck aco|| |||| 00| 0 spa d a[No incluye ISBN] bspa.aCO-MdFUSBcCO-MdFUSBdCO-MdFUSBCerda aspa04a980.46 223bF8996i1 aFriedemann, Nina S. deeautor10aIndigenismo y aniquilamiento de indígenas en Colombia c/ Nina S. de Friedemann , Juan Friede , Dario Fajardo asegunda edición 1aBogotá, Colombia : bCentro de Investigación y Educación Cooperativas CIEC, c[1981] 4c© 1981 a140 páginasbincluye fotografías a blanco y negroc; 19 cm 2rdacontentatextobtxt 2rdamediaasin mediaciónbn 2rdacarrieravolumenbnc aBartolomé de las Casa y su lucha en pro de la justicia social. -- Niveles contemporáneos de indigenismo en Colombia. -- La fiesta del Indio en Quibdó: un caso de relaciones interétnicas en Colombia. -- Los sectores indígenas en el Desarrollo del Capitalismo en Colombia. -- Las luchas indígenas por la Tierra en el Tolima durante el siglo XX. -- Ensayo fotográfico EMBERA EN CATRU, CHOCÓ. Ensayo fotográfico: EMBERA EN QUIMBDÓ, CHOCÓ.  aRústico aIndigenismo aFriede, Juan, eautor aFajardo, Darío, eautor